| 000 | 00344nam a2200145 a 4500 | ||
|---|---|---|---|
| 001 | 712 | ||
| 003 | CDMR | ||
| 005 | 20130705112139.0 | ||
| 008 | 130130s1982||||||||||||||||||||||||||||d | ||
| 040 |
_aCDMR _bcat _cCPC GIRONA |
||
| 100 | 1 |
_aKayser, Jacques _9549 |
|
| 245 | 1 | 0 |
_aEl diario francés _cKayser, Jacques |
| 260 |
_c1982 _bATE |
||
| 942 |
_cMON _2udc |
||
| 999 |
_c712 _d712 |
||